2025-2026 Green Bay Packers Roster - Statistics

General Stats
  • This quiz has been taken 89 times
  • The average score is 30 of 51
Answer Stats
Position Name % Correct
Quarterback Jordan Love
100%
Running Back Josh Jacobs
98%
Quarterback Malik Willis
97%
Wide Receiver Christian Watson
94%
Wide Receiver Matthew Golden
94%
Running Back Emanuel Wilson
91%
Wide Receiver Jayden Reed
89%
Wide Receiver Romeo Doubs
89%
Tight End Luke Musgrave
86%
Defensive Lineman Micah Parsons
83%
Wide Receiver Dontayvion Wicks
81%
Cornerback Keisean Nixon
81%
Wide Receiver Savion Williams
80%
Safety Evan Williams
78%
Safety Xavier McKinney
77%
Running Back Chris Brooks
73%
Defensive Lineman Karl Brooks
73%
Linebacker Quay Walker
72%
Offensive Lineman Rasheed Walker
72%
Placekicker Brandon McManus
70%
Cornerback Carrington Valentine
70%
Offensive Lineman Zach Tom
69%
Cornerback Bo Melton
67%
Linebacker Edgerrin Cooper
64%
Offensive Lineman Jordan Morgan
63%
Tight End John Fitzpatrick
61%
Defensive Lineman Rashan Gary
61%
Linebacker Isaiah McDuffie
59%
Safety Javon Bullard
59%
Cornerback Nate Hobbs
56%
Punter Daniel Whelan
55%
Tight End Josh Whyle
53%
Defensive Lineman Lukas Van Ness
53%
Offensive Lineman Sean Rhyan
53%
Offensive Lineman Anthony Belton
47%
Defensive Lineman Kingsley Enagbare
45%
Offensive Lineman Aaron Banks
42%
Long Snapper Matthew Orzech
39%
Linebacker Ty’Ron Hopper
39%
Safety Zayne Anderson
38%
Defensive Lineman Barryn Sorrell
34%
Defensive Lineman Colby Wooden
33%
Safety Kitan Oladapo
31%
Defensive Lineman Warren Brinson
31%
Offensive Lineman Darian Kinnard
30%
Defensive Lineman Nazir Stackhouse
30%
Offensive Lineman Jacob Monk
28%
Cornerback Kamal Hadden
25%
Linebacker Kristian Welch
19%
Defensive Lineman Arron Mosey
2%
Defensive Lineman Quinton Bohanna
2%
No matching quizzes found
Score Distribution
Percent of People with Each Score
Percentile by Number Answered
Your Score History
You have not taken this quiz